Análisis del discurso de los habitantes de la población La Legua para enfrentar el estigma que experimentan y su relato histórico del espacio local /

De acuerdo a fuentes de información, tales como los medios de comunicación masivos, desde sus orígenes los habitantes de esta población han sido estigmatizados por distintos factores sociales, los cuales han formado una imagen generalizada de sus pobladores encasillándolos dentro de un mismo estereo...

Full description

Bibliographic Details
Main Author: Osorio Pizarro, Erasmo Andree
Other Authors: Lawrence, Eduardo (profesor guía)
Format: Tesis
Language:Spanish
Published: Santiago,Chile Universidad Academia de Humanismo Cristiano 2011
Subjects:
Online Access:Disponible en línea. Contenido parcial (PDF). Biblioteca Digital UAHC (disponible contenido parcial de la tesis a solicitud del autor)

MARC

LEADER 00000cam a2200000 a 4500
001 046605
003 UAHC_CL
005 20210909180213.0
008 110430s2011 cl 000 spa
952 |0 0  |1 0  |2 ddc  |4 0  |6 TPERIO_106_000000000000000  |7 0  |8 COMP  |9 84456  |a BC  |b BC  |c Referencia  |d 2017-08-03  |l 0  |o TPERIO 106  |p 1386512  |r 2019-01-07 00:00:00  |t 1  |w 2017-08-03  |y TS 
999 |c 46605  |d 46605 
040 |a UAHC_CL  |c UAHC_CL  |d UAHC_CL 
100 1 |a Osorio Pizarro, Erasmo Andree 
245 1 0 |a Análisis del discurso de los habitantes de la población La Legua para enfrentar el estigma que experimentan y su relato histórico del espacio local /  |c Erasmo Osorio, profesor guía Eduardo Lawrence. 
260 |b Universidad Academia de Humanismo Cristiano  |c 2011  |a Santiago,Chile 
300 |a 1 cd rom 
500 |a Tesis para optar al título de periodista y al grado académico de Licenciado en Comunicación Social 
502 |a Tesis (Periodismo)--Universidad Academia de Humanismo Cristiano, 2010. 
516 |a Tesis electrónica (PDF) 
520 |a De acuerdo a fuentes de información, tales como los medios de comunicación masivos, desde sus orígenes los habitantes de esta población han sido estigmatizados por distintos factores sociales, los cuales han formado una imagen generalizada de sus pobladores encasillándolos dentro de un mismo estereotipo de persona, con los que la sociedad manifiesta un cierto rechazo o prejuicio hacia ellos. 
650 4 |a POBLACION  |x ASPECTOS SOCIALES 
651 4 |a POBLACION LA LEGUA (SANTIAGO, CHILE) 
700 1 |a Lawrence, Eduardo  |e profesor guía 
856 |u http://bibliotecadigital.academia.cl/xmlui/handle/123456789/2131  |3 Disponible en línea. Contenido parcial (PDF). Biblioteca Digital UAHC (disponible contenido parcial de la tesis a solicitud del autor) 
900 |a TPERIO 106 
942 |c TS